<?xml version="1.0" encoding="UTF-8"?>
<collection xmlns="http://www.loc.gov/MARC21/slim">
  <record>
    <leader>00000nam  2200000   4500</leader>
    <controlfield tag="001">INLIS000000000003384</controlfield>
    <controlfield tag="005">20190823014635</controlfield>
    <datafield tag="035" ind1="#" ind2="#">
      <subfield code="a">0010-0718003384</subfield>
    </datafield>
    <controlfield tag="008">190823################g##########0#ind##</controlfield>
    <datafield tag="020" ind1="#" ind2="#">
      <subfield code="a">9795182811</subfield>
    </datafield>
    <datafield tag="041" ind1=" " ind2=" ">
      <subfield code="a">id</subfield>
    </datafield>
    <datafield tag="082" ind1="#" ind2="#">
      <subfield code="a">297.23.Hal.k</subfield>
    </datafield>
    <datafield tag="090" ind1=" " ind2=" ">
      <subfield code="a">297.23.Hal.k</subfield>
    </datafield>
    <datafield tag="100" ind1=" " ind2="#">
      <subfield code="a">Halimuddin</subfield>
    </datafield>
    <datafield tag="245" ind1="1" ind2="#">
      <subfield code="a">Kehidupan di Alam Barzah /</subfield>
      <subfield code="c">Halimuddin</subfield>
    </datafield>
    <datafield tag="260" ind1="#" ind2="#">
      <subfield code="a">Jakarta :</subfield>
      <subfield code="b">Rineka Cipta,</subfield>
      <subfield code="c">2005</subfield>
    </datafield>
    <datafield tag="300" ind1="#" ind2="#">
      <subfield code="a">viii.,139 hlm. :</subfield>
      <subfield code="b">ilus ;</subfield>
      <subfield code="c">20 cm</subfield>
    </datafield>
    <datafield tag="650" ind1=" " ind2="#">
      <subfield code="a">Barzah</subfield>
    </datafield>
    <datafield tag="250" ind1="#" ind2="#">
      <subfield code="a">cet.4</subfield>
    </datafield>
    <datafield tag="500" ind1="#" ind2="#">
      <subfield code="a">Setelah manusia meninggalkan alam dunia yang fana ini, maka akan menempati alam kubur atau alam barzah yang merupakan alam transit menuju alam akhirat atau baqa yang akan muncul setelah kiamat tiba. Di alam kubur atau barzah ini manusia sudah memperoleh balasan atas amal-amalnya semasa masih hidup dialam dunia. Dalam buku ini, Halimuddin, S.H. menguraikan secara ringkas namun jelas mengenai kehidupan alam barzah, dan siapa-siapa yang akan memperoleh azab atau siksa kubur dan siapa yang tidak, dimana roh-roh manusia ditempatkan, apa yang dimaksud dengan azab kubur, bagaimana usaha untuk menolong meringankan penderitaan mereka yang ada di alam kubur, dan sebagainya Semua uraian dalam buku ini berdasarkan Al.-Qur'an dan Hadis Nabi SAW.</subfield>
    </datafield>
    <datafield tag="856" ind1="#" ind2="#">
      <subfield code="a">Perpustakaan Lembaga Administrasi Negara</subfield>
    </datafield>
    <datafield tag="084" ind1="#" ind2="#">
      <subfield code="a">297.23.Hal.k</subfield>
    </datafield>
    <datafield tag="990" ind1="#" ind2="#">
      <subfield code="a">070110248</subfield>
    </datafield>
    <datafield tag="990" ind1="#" ind2="#">
      <subfield code="a">070110248</subfield>
    </datafield>
  </record>
</collection>
